Alle In Extremo Songs - Statistiken

Allgemein
  • Dieses Quiz wurde 5 mal gespielt
  • Das Durchschnittsergebnis liegt bei 31 aus 180
Antwortstatistiken
Answers % Korrekt
Sternhagelvoll
100%
Frei zu sein
60%
Störtebeker
60%
Der Galgen
40%
Feine Seele
40%
Horizont
40%
Katzengold
40%
Kompass zur Sonne
40%
Küss mich
40%
Liam
40%
Pikse Palve
40%
Quid Pro Quo
40%
Quid pro Quo
40%
Spielmann
40%
Spielmannsfluch
40%
Sterneneisen
40%
Troja
40%
Unser Lied
40%
Vollmond
40%
Wer kann segeln ohne Wind
40%
Wolkenschieber
40%
7
20%
7 Brüder
20%
Ai vis a lop
20%
Ave Maria
20%
Belladonna
20%
Biersegen
20%
Blutmond
20%
Como Poden
20%
Dacw Nghariad
20%
Das Totenschiff
20%
Davert-Tanz
20%
Der Rattenfänger
20%
Des Wahnsinns fette Beute
20%
Die Goldene
20%
Dödet
20%
Erdbeermund
20%
Ewig sein
20%
Feuertaufe
20%
Flaschenpost
20%
Flaschenteufel
20%
Für Bo
20%
Geschenkt ist geschenkt
20%
Glück auf Erden
20%
Gogiya
20%
Gold
20%
Hameln
20%
Herr Mannelig
20%
Ich kenne alles
20%
In Extremo
20%
Krummavisur
20%
Kunstraub
20%
Lebensbeichte
20%
Le or Chiyuchech
20%
Lieb Vaterland, magst ruhig sein
20%
Lügenpack
20%
Lulbap / Como Poden
20%
Maria Virgin
20%
Meie Din
20%
Mein rasend Herz
20%
Melancholie
20%
Merseburger Zaubersprüche
20%
Narrenschiff
20%
Neues Glück
20%
Nur ihr allein
20%
Olafur
20%
Omnia Sol Temperat
20%
Palästinalied 2
20%
Pavane
20%
Pferdesegen
20%
Plästinalied
20%
Poc Vecem
20%
Quant je suis mis au retour
20%
Rasend Herz
20%
Raue See
20%
Reiht euch ein ihr Lumpen
20%
Reth
20%
Reth 2
20%
Reth / Tierliebe
20%
Rotes Haar
20%
Saigon & Bagdad
20%
Salva Nos
20%
Sängerkrieg
20%
Santa Maria
20%
Schaf öda nix Schaf
20%
Schau zum Mond
20%
Schenk noch mal ein
20%
Schweine
20%
Segel setzen
20%
Siehst du das Licht
20%
Singapur
20%
Stalker
20%
Stella Splendens
20%
Sünder ohne Zügel
20%
Tanz mit mir
20%
Terra Mater
20%
This Corrosion
20%
Traubenritt
20%
Two sostra
20%
Two Sostra / Harpa
20%
Unter dem Meer
20%
Vänner och Frände
20%
Verehrt und angespien
20%
Villeman Og Magnhild
20%
Villeman og Magnhild
20%
Viva la Vida
20%
Vor vollen Schüsseln
20%
Weckt die Toten
20%
Weiberfell
20%
Werd ich am Galgen hochgezogen
20%
Wie kann ich das Herz meiner Liebsten gewinnen
20%
Wind
20%
Wintermärchen
20%
Zauberspruch
20%
Zigeunerskat
20%
Albtraum
0%
Alles schon gesehen
0%
An End has A Start
0%
Aufs Leben
0%
Auge um Auge
0%
Aus Leben gemacht
0%
Bunter Vogel
0%
Der die Sonne schlafen schickt
0%
Die Beute
0%
Die Gier
0%
Doof
0%
Du und ich
0%
Ecce Rex / Bandary
0%
En Esta Noche
0%
Estampre
0%
Fontaine la jolie
0%
"französisch"
0%
Gaukler
0%
Hiemali Tempore
0%
Himmel und Hölle
0%
Hol die Sterne
0%
Ich vermiss dich
0%
In diesem Licht
0%
Komm, lass die Welt sich weiterdrehen
0%
Lebemann
0%
Lyte
0%
Macht und Dummheit
0%
Madre Deus
0%
Mein Kind
0%
Mein liebster Feind
0%
Mein Sehnen
0%
Miss Gordon of Gight
0%
Moonshiner
0%
Nature nous semont
0%
Neunerle
0%
Neva Ceng I Harbe
0%
Nymphenzeit
0%
Oskasteinar
0%
Quant je sui mis au retour
0%
Requiem
0%
Roter Stern
0%
Sagrada Trobar
0%
Sefardim
0%
Sieben Köche
0%
Stetit Puella
0%
Tannhuser
0%
Totus floreo
0%
Tourdion
0%
Unsichtbar
0%
Wege ohne Namen
0%
Wenn das Licht angeht
0%
Wessebronner Gebet
0%
Zauberspruch No. VII
0%
Keine übereinstimmenden Quizze gefunden
Verteilung der Resultate
Anzahl Personen mit jedem Resultat
Perzentil nach korrekt beantworteten Fragen
Ihre Resultats-Entwicklung
Sie haben dieses Quiz noch nicht gespielt